Central Library OPAC University of Rajshahi

A Survey of research in economics / (Record no. 8134)

MARC details
000 -LEADER
fixed length control field 01027cam a2200265 i 4500
001 - CONTROL NUMBER
control field 8134
003 - CONTROL NUMBER IDENTIFIER
rucl marc code BD-RjUL
005 - DATE AND TIME OF LATEST TRANSACTION
control field 20211208234529.0
008 - FIXED-LENGTH DATA ELEMENTS--GENERAL INFORMATION
fixed length control field 140116s1975 ii b 001 0 eng
035 ## - SYSTEM CONTROL NUMBER
System control number (BD-RjUL)8179
040 ## - CATALOGING SOURCE
Original cataloging agency DLC
Transcribing agency DLC
Modifying agency DLC
-- BD-RjUL
Language of cataloging eng
041 ## - LANGUAGE CODE
Language code of text/sound track or separate title eng
082 00 - DEWEY DECIMAL CLASSIFICATION NUMBER
Classification number 330.072054
Author mark and year SUV 1975-1977
245 02 - TITLE STATEMENT
Title A Survey of research in economics /
Statement of responsibility, etc. Indian Council of Social Science Research.
260 ## - PUBLICATION, DISTRIBUTION, ETC. (IMPRINT)
Place of publication, distribution, etc. Bombay :
Name of publisher, distributor, etc. Allied Publishers,
Date of publication, distribution, etc. 1975-1977
300 ## - PHYSICAL DESCRIPTION
Pagination V. ;
Size 25 cm.
500 ## - GENERAL NOTE
General note "A project sponsored by the Indian Council of Social Science Research, New Delhi."
504 ## - BIBLIOGRAPHY, ETC. NOTE
Bibliography, etc Includes bibliographies and indexes.
505 0# - FORMATTED CONTENTS NOTE
Formatted contents note v. 1. Methods & techniques.----v. 2. Macroeconomics.--v. 3-4. Agriculture.--v. 5. Industry.--v. 6. Infrastructure.--v. 7. Econometrics.
650 #0 - SUBJECT ADDED ENTRY--TOPICAL TERM
Topical term or geographic name as entry element Social sciences
General subdivision Research
Geographic subdivision India.
9 (RLIN) 13544
651 #0 - SUBJECT ADDED ENTRY--GEOGRAPHIC NAME
Geographic name India
General subdivision Economic conditions
Chronological subdivision 1947-
9 (RLIN) 25342
710 2# - ADDED ENTRY--CORPORATE NAME
Corporate name or jurisdiction name as entry element Indian Council of Social Science Research.
9 (RLIN) 14710
942 ## - ADDED ENTRY ELEMENTS (KOHA)
Source of classification or shelving scheme Dewey Decimal Classification
Koha item type Books
Holdings
Lost status Source of classification or shelving scheme Materials specified (bound volume or other part) Damaged status Not for loan Collection code Permanent Location Current Location Shelving location Date acquired Source of acquisition Cost, normal purchase price Total Checkouts Full call number Date last seen Copy number Koha item type
  Dewey Decimal Classification V-4   Not For Loan Non-fiction Central Library, University of Rajshahi Central Library, University of Rajshahi   21/03/1979 India Int. Calcutta 50.00   330.072054 SUV 1975 16/01/2014 C-1 Books
  Dewey Decimal Classification       Non-fiction Central Library, University of Rajshahi Central Library, University of Rajshahi   21/03/1979 India Int. Calcutta 50.00   330.072054 SUR V-2 1976 14/06/2016 C-2 Books
  Dewey Decimal Classification       Non-fiction Central Library, University of Rajshahi Central Library, University of Rajshahi   21/03/1979 India Int. Calcutta 40.00   330.072054 SUR V-1 1977 14/06/2016 C-3 Books
  Dewey Decimal Classification       Non-fiction Central Library, University of Rajshahi Central Library, University of Rajshahi   21/03/1979 India International Ltd. 40.00   330.072054 SUR V-3 1975 12/09/2021 C-1 Books